000
00258nam a2200109Ia 4500
008
220204s9999 xx 000 0 und d
082
_a
547
_b
RAJ
100
_a
Raj K Bansal
245
0
_a
Organic reaction mechanisms
260
_a
Delhi
_b
TMH
_c
1978
942
_c
BK
999
_c
31099
_d
31099